000 00780nam a2200241 i 4500
001 C2-0277511
003 PPAK
005 20180728005528.0
008 070117s2001 caua|||| ||||| | eng d
020 _a0764914618
040 _aPPAK
_beng
_cPPAK
_erda
082 0 4 _a728.37092
_223
090 0 0 _a728.37092
_bBUI
_dRLCK
245 0 0 _aBuilding a legacy :
_bthe restoration of Frank Lloyd Wright's oak park home and studio
264 1 _aCalifornia :
_bPomegranate Communications ,
_c2001
300 _aix, 150 pages :
_bcolour illustrations ;
_c22 cm
336 _2rdacontent
_atext
337 _2rdamedia
_aunmediated
338 _2rdacarrier
_avolume
650 1 0 _aArchitecture, Domestic - Conservation and restoration.
700 1 _aWeil, Zarine,
_eeditor
942 _ddc
_cB
999 _c84702
_d84702